| 000 | 00873nam a22002537a 4500 | ||
|---|---|---|---|
| 005 | 20210325203312.0 | ||
| 008 | s2007 eng d | ||
| 020 | _a9780379004670 | ||
| 040 | _aNALT | ||
| 041 | _aeng | ||
| 090 |
_aKA 25 _bC66 2007 v.19 |
||
| 245 | 0 | 0 | _aConstitutions of the countries of the world 2007 vol. XIX |
| 260 |
_aNew York : _bOceana, _c2007 |
||
| 300 |
_a20 v. ; _c27 cm. |
||
| 650 | 4 |
_aConstitutions _950620 _zUruguay |
|
| 650 | 4 |
_aConstitutions _950621 _zUnited kingdom |
|
| 650 | 4 |
_aConstitutions _950622 _zUkraine |
|
| 650 | 4 |
_aConstitutions _988 _zUnited States |
|
| 650 | 4 |
_aConstitutions _950623 _zUnited Arab Emirates |
|
| 650 | 4 |
_aConstitutions _950624 _zUganda |
|
| 850 | _aNALT | ||
| 942 |
_cREF _2local |
||
| 998 |
_j109 _k อารีรัตน์ วิชาช่าง |
||
| 999 |
_c57822 _d57822 |
||